טוען...

Financial statement analysis/

מידע ביבליוגרפי
מחבר ראשי: Myer, John N.
פורמט: Printed Book
שפה:English
יצא לאור: New Delhi: Prentice-Hall of India, 1974
LEADER 00537nam a22001577a 4500
003 OSt
005 20200624134534.0
008 151119b xxu||||| |||| 00| 0 eng d
082 |a 658.1513 MYE/F 
100 |a Myer, John N. 
245 |a Financial statement analysis/  |c John N. Myer 
260 |a New Delhi:  |b Prentice-Hall of India,  |c 1974 
300 |a 270p. 
942 |2 ddc  |c BK 
999 |c 323846  |d 323846 
952 |0 0  |1 0  |2 ddc  |4 0  |6 658_151300000000000_MYE_F  |7 0  |9 370325  |a CSC  |b CSC  |c ST1  |d 2015-11-19  |i 2626  |l 0  |o 658.1513 MYE/F  |p CSC2626  |r 2015-11-19  |w 2015-11-19  |y BK